Podujatia pre knihovníkov Trenčianskeho kraja

Podrobná bibliografia
Hlavný autor: Strohnerová, Ľudmila, 1952-2006 (Autor)
Médium: Článok
Jazyk:slovenčina
ISSN:1335-7026
Predmet:
On-line prístup:http://www.snk.sk/images/snk/NBU/Kniznica/6_2001/327.pdf

MARC

LEADER 00000nab a2200000 a 4500
001 vtls000766974
003 SK-MaSNL
005 20260305030432.0
008 250429c2001 xo 0 slo
015 |a SNBRB2001/09-25461 
035 |a CLN000118761 
035 |a urn:nbn:sk:snk-abbuko 
035 |a (urnnbn)urn:nbn:sk:snk:ar-000rpt 
035 |a (uuid)1c2ed00b-4e55-4f55-997e-15118ca0d67f 
040 |a SNKBUCL  |b slo  |c SNKBUCL  |e AACR2 
041 0 |a slo 
044 |a xo  |c SK 
080 |a 027.53(437.6)  |2 1997 
100 1 |a Strohnerová, Ľudmila,  |d 1952-2006  |4 aut  |9 37890 
245 1 0 |a Podujatia pre knihovníkov Trenčianskeho kraja  |c Ľudmila Strohnerová 
610 2 7 |a Štátna krajská knižnica Michala Rešetku v Trenčíne  |2 snkbucl  |9 32735 
651 7 |a Trenčín (Slovensko : okres)  |2 snkbucl  |9 75018 
655 7 |a články z novín a časopisov  |2 snkbucl  |9 267496 
773 0 |t Knižnica  |g Roč. 2, č. 6 (2001), s. 327-328  |x 1335-7026 
850 |a Slovenská národná knižnica 
852 |a Slovenská národná knižnica 
856 4 1 |u http://www.snk.sk/images/snk/NBU/Kniznica/6_2001/327.pdf 
954 |a odborná, vedecká literatúra pôvodná (slovenská)  |2 lita 
958 |a article15 
958 |a SK 
958 |a KL 
958 |a OND 
958 |a EUIPO 
992 |a RBX 
999 |c 3311430  |d 3313360